000 01916nam a2200217 4500
005 20250405174607.0
008 190415s2024 000 0 eng d
040 _aCO-CtgCURN
_bspa
_ccoctgcurn
082 0 _aINQ 2024
_bR621
100 1 _aRivera Polo, Jeyson.
245 1 0 _aPrevalencia de los factores de riesgo de enfermedades crónicas no transmisibles en docentes universitarios de la curn en la ciudad de Cartagena en el año 2024 /
_cJeyson Rivera Polo; director Claudia Paternina Hernández.
260 _aCartagena de Indias :
_bCorporación Universitaria Rafael Nuñez,
_c2024.
300 _a46 hojas.
504 _aTrabajo de grado (Instrumentación quirúrgica). Corporación Universitaria Rafael Nuñez. Facultad de Ciencias de la Salud. Instrumentación Quirúrgica, 2024.
520 _a"Los docentes de la Corporación Universitaria Rafael Núñez no se hallaron casos relevantes de hipertensión arterial y mucho menos de diabetes, pero sí tuvieron buenos resultados con los hábitos de vida saludable, se encontró que el 46,2% de los docentes tiene buenos hábitos de vida mientras que el 53,8% tiene excelentes hábitos de vida. La caracterización sociodemográfica reveló que la mayoría de los docentes se encuentra en un rango de talla entre 1.50 y 1.70 cm, con variaciones menores en las medidas extremas. Estos datos permiten una mejor comprensión del perfil de salud de los docentes y contribuyen a la elaboración de estrategias específicas de intervención"
650 0 _aInstrumentación quirúrgica
_vTesis y disertaciones academicas.
700 1 _aPaternina Hernández, Claudia,
_edirector.
856 _uhttps://unicurn.sharepoint.com/:b:/s/biblioteca/EYWINCvbvY1Ag8puNZHk_tUBZukvj2Cwi9bir_zIu7aVrg?e=aqc7ar
_zClick aqui para ver el recurso en texto completo
942 _2ddc
_cTG
_hINQ 2024
_iR621
999 _c29516
_d29516